[Event "Olympiad-42"]
[Site "Baku"]
[Date "2016.09.10"]
[Round "8.2"]
[White "Li, Chao B"]
[Black "Almasi, Zoltan"]
[Result "0-1"]
[WhiteElo "2746"]
[BlackElo "2684"]
[Annotator "Almasi,Z"]
[PlyCount "66"]
[EventDate "2016.09.02"]
[EventType "team-swiss"]
[EventRounds "11"]
[EventCountry "AZE"]
[SourceTitle "CBM 175"]
[Source "ChessBase"]
[SourceDate "2016.11.10"]
[SourceVersion "1"]
[SourceVersionDate "2016.11.10"]
[SourceQuality "1"]
[WhiteTeam "China"]
[BlackTeam "Hungary"]
[WhiteTeamCountry "CHN"]
[BlackTeamCountry "HUN"]

{The match was played in round 9 against the former Olympiad winners, China!
They had not being playing well and my opponent Li Chao had just lost a
winning position against Nigel Short in the previous round with White! The
match decided who would have the chance to play for a good place in the last
two rounds.} 1. d4 Nf6 2. c4 e6 3. Nc3 Bb4 4. e3 b6 {This line is becoming
more popular.} 5. Nf3 O-O 6. Bd3 Bb7 7. Bd2 {Li Chao had played against the
same move, just one day before against Short, but I did not check it so deeply.
The idea is to avoid the main line and play a different structure from the
usual one.} d6 {Just a normal move.} (7... c5 8. a3 Bxc3 9. Bxc3 cxd4 10. exd4
(10. Nxd4)) (7... d5 8. cxd5 exd5 9. O-O Nbd7 10. Rc1 a6 11. Ne5 Re8 12. f4 Nf8
13. Be1 c5 14. Bh4 c4 15. Bc2 b5 16. g4 Qb6 17. g5 Ne4 18. Nxe4 dxe4 19. Qe2
Bd5 20. Qg2 Qb7 21. f5 Nd7 22. Ng4 Kh8 23. Bg3 Rac8 24. Qh3 f6 25. g6 Nf8 26.
Rf2 Rc6 27. Rcf1 a5 28. Rg2 a4 29. Rf4 c3 30. bxc3 Bxc3 31. Bh4 Qb6 32. gxh7
Re7 33. Ne5 fxe5 34. Bxe7 exf4 35. Bxf8 Bxd4 36. Qg4 Rc7 37. Qh5 f3 38. Rg4 Be5
39. Bc5 Qh6 40. Qe8+ Kxh7 41. Qxe5 Rxc5 42. Qe7 f2+ 43. Kg2 Bc4 44. Kxf2 Qxh2+
{0-1 (44) Li Chao2 (2746)-Short,N (2666) Baku AZE 2016}) 8. Qc2 ({If castling
is coming, we just have a transpositon to when White starts with castling on
move 7.} 8. O-O c5 {- 7.0-0 c5 8.Bd2.}) 8... c5 9. a3 $2 {Li Chao played this
move fast and I think he did not realise that he could be in trouble so early.}
(9. dxc5 bxc5 10. a3 Ba5 {Now there is no need to take on c3. The chances are
about equal.} 11. O-O Nbd7 (11... Bxf3 12. gxf3 Nc6) 12. Rfd1 (12. Rab1 Bxf3
13. gxf3 Ne5 14. Be2 Rb8) 12... Rb8) 9... Bxc3 10. Bxc3 cxd4 $1 $15 {Black is
already better, because White can not take back with a piece due to the fact
that ...e5 is coming and the d3-bishop is getting into trouble. So White has
to take back with the pawn, but then his structre becomes awful.} 11. exd4 (11.
Nxd4 e5 $1 12. Nf5 (12. Nf3 e4 13. Bxf6 exd3 14. Bxd8 dxc2 15. Be7 Rc8 $17)
12... g6 13. Ng3 Bxg2 14. Rg1 Bf3 {Just a pawn up, without counterplay.}) 11...
d5 $2 {Do not ask me how I found this move?! I just completely forgot about
the ...c5 option! My idea was to take on f3 of course and then d5, but wanted
to do it more smartly.} (11... Bxf3 12. gxf3 Nbd7 $15 {and ...d5 is coming and
the white structure just collapses.} 13. O-O-O Rc8 14. Kb1 d5 15. cxd5 Nxd5 16.
Bxh7+ Kh8 17. Be4 Nxc3+ 18. bxc3 Qe7 19. Ka2 Rc7) (11... Nbd7 {could be also
better and it's difficult to protect the f3-knight. The plan is ...Rc8 and ...
d5.} 12. Qe2 Nh5 (12... d5)) 12. c5 {The positon has just changed in one move
and White is clearly better now. I had closed in my bishop and allowed a
protected passed pawn on c5.} Nc6 13. O-O (13. b4 bxc5 14. bxc5 {is better for
White, but I did not feel it was so bad.} (14. dxc5 e5 $1)) 13... bxc5 14. dxc5
d4 15. Bd2 Qd5 16. Rfe1 $1 {Just to protect against ...Ne5.} (16. Qc4 Qxc4 17.
Bxc4 e5 18. Bg5 Ne4 (18... e4 19. Nd2 Ne5 {White is better, but it's not that
clear.})) 16... e5 (16... a5 {This was my first idea, until I found a more
aggressive way to complicate the game, because positionally White is much
better.} 17. Bg5 {I was afraid from this move and I did not see the defending .
..Ba6!} Ba6 18. Bxa6 Rxa6 19. Bxf6 gxf6 20. Rad1 $14) 17. Bc4 Qd7 {This is
what I calculated. The only practical chance.} 18. Nxe5 (18. Ng5 h6 19. Ne4
Nxe4 20. Rxe4 (20. Qxe4 Na5) 20... d3 $1 $13) 18... Nxe5 19. Rxe5 Bxg2 {
What else?! I saw it, it is not good in any case, but there was no other
choice.} 20. Kxg2 Qg4+ 21. Kh1 Qf3+ 22. Kg1 Qg4+ 23. Kf1 Qh3+ 24. Ke1 $2 (24.
Ke2 $16 {This was the precise move! Unfortunately I can not give a good check.
Otherwise the white king escapes the danger and White is a piece up.} Rae8 (
24... Ng4 25. Qf5 (25. Re7 Qh5 26. Kf1) 25... g6) (24... Qxh2 25. Qf5 $1 {
and now I do not have ...Qh1+.}) 25. Rxe8 Rxe8+ (25... Qg4+ 26. Kf1 (26. f3
Qg2+ 27. Kd1 Rxe8 28. Qd3) 26... Qh3+ 27. Ke1 Rxe8+ 28. Kd1) 26. Kd1 Ne4 27.
Kc1 $1 (27. Qb3 d3 28. Bxd3 Rd8)) 24... Qxh2 $1 {Already White is in trouble.
Probably this was when my opponent blundered.} 25. f4 (25. Qf5 Rae8 26. Bf4
Qg1+ 27. Kd2 Qxa1 $19) 25... Qg1+ $1 {Just to break up the coordination of the
white pieces and not allow him the chance to escape.} 26. Bf1 Ng4 $1 {That was
the point of ...Qg1+, ...Qf2 and ...Qg3 is threatening.} 27. Qc4 $6 ({I
expected} 27. Qd3 Rae8 28. Qf3 Nxe5 29. fxe5 Rxe5+ 30. Kd1 Rxc5) 27... Rae8 $1
{The game is lost.} 28. c6 (28. b4 d3 $1 {the best according the computer} 29.
Qxd3 Qf2+ 30. Kd1 Nxe5 31. fxe5 Rd8 $1 32. Qe2 Rxd2+ 33. Qxd2 (33. Kxd2 Qd4+
34. Kc2 Qxa1) 33... Qxf1+ $19) 28... Nxe5 29. fxe5 Rxe5+ 30. Kd1 Rf5 $19 {
A nice finish.} 31. c7 (31. Kc2 Rc5 $1 32. Qxc5 d3+ {and the queen is lost.})
31... d3 32. Qxd3 Rxf1+ 33. Kc2 Rxa1 {This game slightly reminded me of the
young Almasi :)} 0-1

[Event "Tel Aviv super 1st"]
[Site "Tel Aviv"]
[Date "1999.05.13"]
[Round "3"]
[White "Alterman, Boris"]
[Black "Psakhis, Lev"]
[Result "1/2-1/2"]
[WhiteElo "2615"]
[BlackElo "2560"]
[Annotator "Alterman,B"]
[PlyCount "78"]
[EventDate "1999.05.11"]
[EventType "tourn"]
[EventRounds "9"]
[EventCountry "ISR"]
[EventCategory "14"]
[SourceTitle "CBM 071"]
[Source "ChessBase"]
[SourceDate "1999.08.01"]
[SourceVersion "1"]
[SourceVersionDate "1999.08.01"]
[SourceQuality "1"]

1. d4 Nf6 2. c4 e6 3. Nc3 Bb4 4. Nf3 O-O 5. Bg5 c5 6. Rc1 cxd4 7. Nxd4 Nc6 (
7... h6 $146 8. Bh4 Nc6 9. a3 Bxc3+ 10. Rxc3 g5 11. Bg3 Ne4 12. Nb5 Nxc3 13.
Nxc3 d5 {Anand,V-Timman,J/Wijk aan Zee NED 1999}) 8. e3 Be7 9. Be2 d6 $146 (
9... Qa5 10. Bh4 Nxd4 11. Qxd4 d5 12. O-O dxc4 13. Qxc4 Bd7 14. Bf3 Rac8 15.
Qb3 b6 16. Rfd1 Rfd8 17. Bg3 Be8 18. h3 Rxd1+ 19. Rxd1 b5 {1/2-1/2 Byrne,
R-Eliskases,E/Buenos Aires 1964 (19)}) 10. Ndb5 Ne8 11. Bxe7 Nxe7 12. Ne4 d5
13. cxd5 Nxd5 14. O-O Bd7 15. Qb3 Qb6 (15... Bxb5 16. Bxb5 $14) 16. Nd4 Nef6
17. Nc5 Rab8 $6 {[%mdl 16384]} (17... Qxb3 $142 18. Ndxb3 Bc8 $11 {/\b6}) 18.
Qxb6 axb6 19. Nxd7 Nxd7 20. Bf3 N7f6 21. Rfd1 Rfc8 22. a3 Kf8 23. g3 Rc5 24. b4
Rc7 25. Nb5 Rc6 26. Na7 Rc7 (26... Rxc1 $16) 27. Nb5 $2 {[%mdl 8192] Much
stronger was:} (27. Bxd5 $5 Nxd5 28. e4 Nc3 29. Kg2 $1 Ra8 (29... Re8 30. Rd3
Nb5 31. Rxc7 Nxc7 32. Rd7 Re7 $16) 30. Rd3 Rxa7 31. Rcxc3 (31. Rdxc3 Rd7 $1)
31... Rc6 $1 32. Rd8+ Ke7 33. Rcd3 Rc7 (33... Rxa3 34. R3d7+ Kf6 35. Rf8 $18)
34. Rh8 $18) 27... Rc6 28. Nd4 Rc7 29. Rxc7 Nxc7 30. Rc1 Nfe8 31. h4 g6 32. Kg2
e5 33. Ne2 f5 34. Nc3 e4 35. Be2 Ra8 36. a4 Rd8 37. Nb5 Nd5 38. Nd4 Ra8 39. Bb5
Nef6 1/2-1/2

[Event "Nis op"]
[Site "Nis"]
[Date "2017.07.02"]
[Round "6"]
[White "Atalik, Suat"]
[Black "Ristic, Nebojsa B"]
[Result "1-0"]
[WhiteElo "2525"]
[BlackElo "2306"]
[Annotator "Atalik,S"]
[PlyCount "81"]
[EventDate "2017.06.27"]
[EventType "swiss"]
[EventRounds "9"]
[EventCountry "YUG"]
[SourceTitle "CBM 180"]
[Source "ChessBase"]
[SourceDate "2017.09.13"]
[SourceVersion "1"]
[SourceVersionDate "2017.09.13"]
[SourceQuality "1"]

1. d4 Nf6 2. c4 e6 3. Nc3 Bb4 4. Nf3 b6 5. Bd2 $5 Bb7 6. g3 $5 O-O ({I have
also had some experience on the other side of the board:} 6... Nc6 7. a3 Bxc3
8. Bxc3 Ne4 $13 {Taimanov-Atalik,S,Lviv 2000.}) 7. Bg2 d6 8. O-O (8. d5 $5 Bxc3
9. Bxc3 exd5 10. Nh4 Ne4 11. cxd5 (11. Rc1 Re8 12. cxd5 Qg5) 11... Nxc3 12.
bxc3 Nd7 $11) 8... Nbd7 9. Rc1 (9. d5 Bxc3 10. Bxc3 exd5 11. Nh4 Ne4 12. cxd5
Nxc3 13. bxc3 f5 $1 $132) 9... Qe7 10. Bg5 (10. Nd5 $2 exd5 11. Bxb4 c5) (10.
d5 $2 Bxc3 11. Bxc3 exd5 12. Nh4 (12. Nd4 c5) 12... Qe6 $1) 10... Bxc3 $6 {
Black surrenders the pair of bishops for the reason that the b4-bishop may
turn out to be in danger.} (10... h6 $1 {However the bishop does not fall after
} 11. Bxf6 Nxf6 (11... Qxf6 $2 12. Nb1 d5 13. Qa4) 12. Nb1 c5 13. a3 Ba5 14.
Qa4 Qe8 $11) 11. Rxc3 h6 12. Bc1 $1 Ne4 13. Rc2 $1 (13. Re3 f5) 13... c5 14. b3
Rfd8 15. Bb2 Ndf6 16. Qa1 $36 Ng5 $6 {I do not like this kind of nervous move
which makes it obvious that Black is trying to equalise at once.} 17. d5 $5
Nxf3+ $6 (17... exd5 18. Nxg5 (18. Bxf6 gxf6) 18... hxg5 19. e3 $36 (19. Bxf6
gxf6 20. Rd2 d4 21. Bxb7 Qxb7 22. e3 d5 $11)) 18. exf3 $1 {White has to keep
the game open.} (18. Bxf3 $2 e5 $1 $11) 18... exd5 (18... e5 19. f4 exf4 20.
Re1 $18) 19. Re1 Qf8 (19... Qd7 $2 20. Bxf6 gxf6 21. Rce2 d4 22. Re7 Qc6 23.
Qc1 $1 Kg7 (23... Re8 24. Qxh6 Rxe7 25. Rxe7 Re8 26. Qxf6 $18) 24. Qf4 $18) 20.
Bxf6 gxf6 21. f4 Re8 $2 (21... Rab8 $142 {is the only way of offering Black
some chances of survival.} 22. Qxf6 dxc4 23. bxc4 d5 24. Re7 Qg7 25. Qxg7+ Kxg7
26. Bxd5 Bxd5 27. cxd5 Rxd5 28. Rxa7 b5 $44) 22. Rd1 $1 $16 Qe7 23. Bxd5 Bxd5
24. Rxd5 Qe1+ 25. Qxe1 Rxe1+ 26. Kg2 Rd8 27. Rcd2 Ra1 28. Kf3 Kg7 29. Kg4 Kg6
30. h4 Rd7 31. h5+ Kg7 32. Kf5 Rd8 33. R5d3 $1 {Playing for a checkmate, White
lines up rooks on the e-file.} Rd7 34. Re3 Rh1 (34... Rc1 35. Re8 b5 36. Rb8 $1
bxc4 37. Re2 $18) 35. g4 Rg1 36. Re8 Ra1 $2 {My opponent misses the idea.} (
36... Rc1 $8 37. Rc8 $1 (37. Rde2 d5 38. Rc8 dxc4 39. Ree8 Rd5+ 40. Ke4 Rd4+
41. Kf3 Rc3+ 42. Kg2 f5 $132) 37... Re1 38. Rc6 Re6 39. a3 $16 {Black is
paralysed.}) 37. Rde2 $1 $18 {With an unavoidable checkmate.} d5 38. Rc8 dxc4
39. bxc4 Rad1 40. Ree8 R7d5+ 41. cxd5 1-0

[Event "Otvoreno Prventsvo Pozarevca"]
[Site "Pozarevac"]
[Date "2015.12.26"]
[Round "3"]
[White "Atalik, Suat"]
[Black "Rajkovic, Dusan"]
[Result "1-0"]
[WhiteElo "2570"]
[BlackElo "2372"]
[Annotator "Atalik,S"]
[PlyCount "83"]
[EventDate "2015.12.25"]
[EventType "swiss"]
[EventRounds "5"]
[EventCountry "YUG"]
[SourceTitle "CBM 170"]
[Source "ChessBase"]
[SourceDate "2016.01.15"]
[SourceVersion "1"]
[SourceVersionDate "2016.01.15"]
[SourceQuality "1"]

1. d4 Nf6 2. c4 e6 3. Nc3 Bb4 4. Nf3 Nc6 $5 {A surprise! A favorite of the
late Gurgenidze, known as the 'most polite man in Tbilisi'!} 5. Bd2 $1 (5. Qc2
d6 6. Bd2 $13 {is a normal setup in the Classical System.}) (5. e3 O-O 6. Bd3 {
transposes the game into the Rubinstein System.} d5 (6... d6 7. O-O Bxc3 8.
bxc3 e5 9. Nd2 $13) 7. O-O a6 $5 (7... dxc4 8. Bxc4 Bd6 $13)) 5... a5 $5 (5...
O-O 6. Rc1 $5 {leads to a waiting policy.} (6. g3 d5 $1) (6. e3 d6 7. a3 Bxc3
8. Bxc3 Ne4 9. Qc2 Nxc3 10. Qxc3 Qe7 {brings a type of game in the spirit of
the Bogoljubow System.})) 6. Rc1 $5 $146 {A very logical move with the idea of
answering ...d6 with g3 and in the event of ...d5 playing e3 or Bg5 after the
exchange on d5.} (6. g3 d5 $1) (6. e3 d6 $1) 6... d5 $5 (6... d6 7. g3 (7. a3
Bxc3 8. Bxc3 O-O 9. g3 Ne4 10. Bg2 $14) 7... e5 8. d5 Ne7 9. Bg2 Bxc3 10. Rxc3
Ne4 11. Ra3 $5 {is one of my ideas found over the board.}) 7. cxd5 (7. e3 $5
O-O 8. h3 $5 {looks similar to Qa4 lines in Ragozin.} (8. Bd3)) 7... exd5 8.
Bg5 h6 9. Bxf6 $1 (9. Bh4 $6 g5 10. Bg3 Ne4 11. e3 h5 $1 {and White is in
trouble.}) 9... Qxf6 {Despite the loss of a tempo White is happy with ...Nc6
which is usually forced via Qa4 in the Ragozin.} 10. a3 {I did not want to
play against the pair of bishops.} (10. e3 O-O 11. Be2 Rd8 12. O-O {is also
possible.}) 10... Bxc3+ 11. Rxc3 {The logical move.} (11. bxc3 $5 a4 $1 (11...
Qd6 12. a4) 12. c4 (12. e3 Qd6) 12... dxc4 13. Rxc4 O-O 14. e3 Be6 15. Rxa4 Bd5
$44) 11... Qd6 (11... Bg4 $5 12. e3 (12. Ne5 $6 Nxe5 13. dxe5 Qb6 $1) 12...
Bxf3 13. Qxf3 Qxf3 14. gxf3 Kd8 $1 $14 {is à la Taimanov!}) (11... O-O 12. e3
Ne7 13. Bd3 (13. Rxc7 $6 Nc6 14. Qb3 Qd8 (14... Qd6 15. Qb6) 15. Qb6 Re8 $13 {
I would be nervous about Rc7.}) 13... c6 14. Ne5 Qd6 15. Qh5 $13) 12. e3 Ne7 (
12... Bf5 13. Bb5) 13. Bd3 c6 (13... Bf5 $2 14. Bxf5 Nxf5 15. Qc2 {double
attack.}) 14. Qc2 O-O {Over the board there has arisen a Karlsbad like Ragozin
structure. I always felt I was a bad Karlsbad player. However with more pieces
exchanged, namely two pairs of minor ones, I felt more comfortable.} 15. O-O
Be6 16. Nh4 $5 {Trying to provoke a weakness in Black's camp before starting a
minority attack.} (16. b4 axb4 17. axb4 Qxb4 18. Rb3 Qd6 $1 (18... Qa4 $6 19.
Bh7+ $1 (19. Rxb7 Qxc2 20. Bxc2 Rfe8 21. Ne5 Kf8) 19... Kh8 20. Rxb7 Qxc2 21.
Bxc2 $16) 19. Rxb7 Rfb8 $11) (16. Ne5 f6 17. Bh7+ Kh8 18. Ng6+ Nxg6 19. Bxg6 a4
$5 $13) 16... g5 $1 (16... f6 17. f4 $1 g5 18. Nf3 $1 Kg7 $14 (18... gxf4 $140
$2 19. exf4)) 17. Nf3 $1 (17. Nf5 Nxf5 18. Bxf5 Bxf5 19. Qxf5 Qe6 $11) 17...
Kg7 18. b4 $5 {I did not want to lose a tempo} ({with} 18. Rb1 f6 19. b4 b5 $5
(19... axb4 20. Rxb4 $1)) 18... axb4 19. axb4 b5 $5 {Throughout his career GM
Rajkovic has stood for active play. Black has a fine position but one should
not forget the difficulty which Black has of beingcondemned to play a game
with b5 and g5.} (19... Qxb4 20. Rb3 Qd6 (20... Qa4 $6 21. Rxb7 Qxc2 22. Bxc2
Rfe8 23. Ne5 $16) 21. Rxb7 Rfb8 22. Rxb8 (22. Rbb1 $5) 22... Rxb8 23. Ra1 $14)
20. Rc5 (20. Ne5 Ra6) 20... f6 21. Qb1 $1 {Controlling very critical squares
on the queen's wing.} Ra4 22. Bc2 Ra6 {Offering a draw.} 23. Nd2 Nc8 $1 {
This is what Black is up to: Nc5 should be met with ...Nc4.} 24. Bf5 $5 {
A seemingly illogical move to part with the bishops. However White has to
probe the weaknesses created by the g5 thrust.} ({White can not accomplish the
anchoring of his knight on f5 or h5:} 24. Rc1 f5 $1 (24... Nb6 $2 25. Bh7) (
24... Bd7 $6 25. e4 $1)) 24... Nb6 $1 {Dusan, already running low on time,
decides to keep the tension by not exchanging the bishops.} (24... Bxf5 $6 25.
Qxf5 Nb6 (25... Ne7 26. Qc2 Rfa8 27. Nb3 Ra2 28. Qc1 $16) 26. Rfc1 (26. h4 Qd7
$1) 26... Nc4 27. Nxc4 dxc4 28. h4 $1 $16) 25. Nb3 Bf7 $6 {A risky move under
the circumstances.} (25... Nc4 26. Rxc4 bxc4 27. Nc5 Bxf5 28. Qxf5 Rfa8 29.
Nxa6 (29. Ne6+ Kf7 30. Nc7 Kg7 $11) 29... Rxa6 30. h4 gxh4 31. Qg4+ Kf7 $11)
26. Rcc1 $1 $36 {I wanted to keep all four rooks for the attack.} (26. Rc2 Nc4
27. Nc5 Ra7 28. Ra2 Rfa8 29. Rxa7 Rxa7 $11) 26... Nc4 27. Nc5 Ra7 (27... Nd2 $2
28. Qc2 $1 Nxf1 29. Nxa6 $18) 28. Qd3 $1 {White sets up his pieces for Qd3-d1,
Bb1, Qd3 or Qf3 or even g4.} Rfa8 29. Qd1 {The position is razor sharp with
both sides having their trumps.} (29. h4 $5 h5 $5 $13 (29... gxh4 $6 30. Qd1 h5
31. Re1 {preparing the queen switch without being subject to a fork.} (31. Qf3
$2 Nd2))) 29... Ra2 $2 {Exchanging the bishops was imperative.} (29... Bg6 $1
30. Bxg6 Kxg6 31. g4 $1 (31. Re1 f5 32. Nd3 Ra2 $40) (31. h4 f5 $1 $40) 31...
Kg7 32. Qd3 $13) 30. Bb1 $1 {The tempo has an impact in the game.} (30. Bc2 $6
Bg6) 30... R2a3 (30... Rd2 31. Qg4 (31. Qf3 Bg6) 31... Bg6 32. Ne6+ Kf7 33.
Bxg6+ Kxg6 34. Nf4+ Kg7 35. Nh5+ Kg6 36. Ng3 $40) 31. Qc2 Rh8 32. Rfe1 h5 $1 {
Black needs at least some activity on the kingside to parry the threats.} 33.
Rcd1 {Preparation for e4 is completed.} (33. e4 Bg6 34. Qd1) (33. Qf5 Qe7 $1 {
It is important to stay out of the fork.} (33... Ra7 34. e4 Bg6 $140 $2 35.
Qxg6+)) 33... Rh6 $1 (33... h4 34. Qf5) 34. e4 dxe4 ({I was expecting} 34...
Bg6 35. Qe2 dxe4 36. Bxe4 Bf7 37. Bb1 Ra7 38. h4 $1 gxh4 39. Bf5 $40) 35. Nxe4
$1 {A good pawn sacrifice providing White with the dangerous
manoeuvreNe4-g3-f5.} Qxb4 $1 (35... Qd5 36. Ng3 Nd6 37. Qc1 $1 (37. Qc5 h4 38.
Nf5+ Nxf5 39. Bxf5 Rh8 40. Be4 Qxc5 41. dxc5 Ra6 $1 {and Black's position
looks solid.}) 37... Ra7 38. Re5 $1 {and the rook is taboo} (38. Qc5 Rd7 39.
Nf5+ Nxf5 40. Bxf5 $16 {with a positional edge}) 38... fxe5 $140 $2 39. Qxg5+
Bg6 40. Nxh5+ $18) 36. Ng3 $1 ({Tempting but possibly wrong is} 36. Nxf6 $6 Nb2
$3 (36... Kxf6 $2 37. Qf5+ Kg7 38. Qxg5+ $18) (36... Bg6 37. Qc1 $1 Kxf6 38. h4
$1 $18) 37. Qf5 (37. Rc1 $2 Nd3) (37. Ne8+ Kf8) 37... Nxd1 38. Qxg5+ Rg6 $1 39.
Nxh5+ Kg8 40. Qd8+ Qf8 41. Nf6+ Kg7 42. Nh5+ (42. Qxf8+ $2 Kxf8 43. Nd7+ Kg7
44. Bxg6 Bxg6 45. Rxd1 b4 $19) 42... Kg8 43. Nf6+ $11) 36... Bg6 ({The
exchange sacrifice with} 36... Rxg3 37. hxg3 (37. fxg3 $5) 37... Qd6 38. Qf5
$16 {does not give enough compensation in my opinion.}) 37. Qe2 $1 ({
Rightfully refraining from a materialistic approach with} 37. Nf5+ Bxf5 38.
Qxf5 Ra7 39. Qc8 Re7 40. Rxe7+ Qxe7 41. Qxc6 Nd6 42. Bd3 Rh8 43. Bxb5 Rc8 $44)
37... h4 $8 38. Nf5+ Bxf5 39. Bxf5 Ra7 $2 $138 {Two moves to reach the time
control.. Dusan stumbles.} ({The 8th rank should be urgently defended.} 39...
Rh8 $1 40. Bb1 (40. d5 Ne5 $1 41. dxc6 Rc3 $13) 40... Ra7 (40... Qd6 41. Qg4)
41. Qe4 Rh6 42. d5 cxd5 43. Rxd5 Rf7 44. Red1 Qe7 45. Qd4 Ne5 46. f4 gxf4 47.
Qxf4 $44) 40. Qe8 $1 {Now the Rh6 is temporarily paralysed.} Qd6 $2 {One
mistake follows the other.} (40... Qf8 $142 41. Qxc6 Nd6 42. Bd3 $16) (40...
Rf7 41. Be6 Nd6 42. Qxc6 $16) 41. Ra1 $1 {I burned all my remaining time
omthis one but it wins by force.} (41. Re6 $2 Qd7 42. Qxd7+ Rxd7 43. Rxc6 Rd8
44. Ra1 $16 {gives some chances to Black.}) 41... Na3 {This looked forced
until Papa Nestorovic showed an alternative.} (41... Rf7 $5 {Nestorovic,D} 42.
Ra8 Qf8 43. Qxc6 $1 (43. Re7 Qxe8 44. Rexe8 $16) 43... Qb4 (43... Qd6 44. Ree8)
44. Qe8 Qf8 45. Re7 Qxe8 46. Rexe8 $18) (41... Rxa1 42. Rxa1 Qc7 43. Re1 $18 {
is easy to understand.}) 42. Re3 $1 {A much more beautiful line exists!} (42.
Re3 $1 b4 (42... h3 43. Raxa3) 43. Rae1 $18) (42. Rxa3 $3 Qxa3 43. Bd7 $1 $18
Rxd7 $140 44. Qxd7+ Kg6 45. Qe8+ Kf5 46. Qe4#) 1-0

[Event "Bhopal op"]
[Site "Bhopal"]
[Date "2017.12.24"]
[Round "6"]
[White "Atalik, Suat"]
[Black "David, Alberto"]
[Result "1/2-1/2"]
[WhiteElo "2545"]
[BlackElo "2571"]
[Annotator "Atalik,S"]
[PlyCount "35"]
[EventDate "2017.12.21"]
[EventType "swiss"]
[EventRounds "10"]
[EventCountry "IND"]
[SourceTitle "CBM 183"]
[Source "ChessBase"]
[SourceDate "2018.03.14"]
[SourceVersion "1"]
[SourceVersionDate "2018.03.14"]
[SourceQuality "1"]

1. d4 Nf6 2. c4 e6 3. Nc3 Bb4 4. Nf3 b6 5. Bd2 Bb7 6. g3 O-O 7. Bg2 d6 8. O-O (
8. d5 Bxc3 (8... exd5 9. Nxd5) 9. Bxc3 exd5 10. Nh4 Ne4 11. cxd5 Nxc3 12. bxc3
Nd7 $13) 8... Nbd7 9. Rc1 Bxc3 10. Rxc3 $146 Re8 11. Bc1 h6 12. Re1 a6 13. a4
Ra7 (13... b5 $5 14. axb5 axb5 15. cxb5 Qb8 16. Bf1 {And how does Black get
the pawn back?}) 14. Bf1 Qb8 15. Be3 (15. Nh4 $6 c5 16. g4 (16. f3 d5) 16...
Ne4 (16... g5 17. Ng2) 17. Rh3 d5 $40) (15. Nd2 c5 16. e3 d5 17. b3 $13) 15...
Ng4 16. Bc1 (16. Bf4 Ngf6) 16... Ngf6 17. Be3 Ng4 18. Bc1 {Both sides were
happy with the strange repetition of moves they have ended in.} 1/2-1/2